[Event "Lichtenrader Herbst"]
[Site "Berlin"]
[Date "2018.11.02"]
[Round "7.26"]
[White "Federau, Juergen"]
[Black "Woerz, Markus"]
[Result "0-1"]
[WhiteElo "2116"]
[BlackElo "1996"]
[PlyCount "92"]
[EventDate "2018.??.??"]
[WhiteTeam "SC Kreuzberg e.V."]
[BlackTeam "SC Kreuzberg e.V."]

1. d4 Nf6 2. c4 e6 3. Nc3 Bb4 4. e3 O-O 5. Bd3 c5 6. Nf3 d5 7. O-O Nc6 8. a3
Bxc3 9. bxc3 dxc4 10. Bxc4 Qc7 11. Ba2 e5 12. h3 Bf5 13. Nh4 Bg6 14. Nxg6 hxg6
15. d5 Rad8 16. e4 Ne7 17. Qe2 Nh5 18. g3 Nc8 19. c4 Nd6 20. Bb2 Rde8 21. Bb1
Qe7 22. Kh2 f6 23. Bc2 Qf7 24. Bd3 g5 25. Bc3 g6 26. a4 Kg7 27. a5 Rh8 28. Kg2
Qe7 29. Qe3 Qd7 30. Rh1 Rc8 31. Be2 Rc7 32. Qd3 Kf8 33. Raf1 Ke8 34. Bxh5 gxh5
35. f4 gxf4 36. gxf4 Rg8+ 37. Kh2 Qh7 38. fxe5 Rcg7 39. Rf2 Qh6 40. Bd2 Qg6 41.
Re1 fxe5 42. Bc3 Rf7 43. Rfe2 Nxc4 44. Bd2 Nd6 45. h4 Qg4 46. Bg5 Rf3 0-1

[Event "Lichtenrader Herbst"]
[Site "Berlin"]
[Date "2018.11.02"]
[Round "7.27"]
[White "Krefenstein, Sergej"]
[Black "Jaeger, Andre"]
[Result "1-0"]
[WhiteElo "2116"]
[BlackElo "1919"]
[PlyCount "115"]
[EventDate "2018.??.??"]
[WhiteTeam "TuS Makkabi Berlin e.V."]
[BlackTeam "SC Rochade e.V."]

1. d4 Nf6 2. Nf3 g6 3. Bf4 Bg7 4. e3 O-O 5. h3 c5 6. Nbd2 cxd4 7. exd4 b6 8.
Be2 Bb7 9. O-O Nc6 10. c3 d6 11. Bh2 Re8 12. Nc4 d5 13. Nce5 Ne4 14. Bb5 Rc8
15. Qa4 Bxe5 16. Nxe5 Nxe5 17. Bxe8 Nc4 18. Qd7 Qxd7 19. Bxd7 Rd8 20. Bb5 a6
21. Bxc4 dxc4 22. Rfe1 Rd7 23. Be5 f6 24. Bf4 f5 25. Be5 Kf7 26. h4 h5 27. f3
Nf6 28. Bxf6 Kxf6 29. Kf2 a5 30. Kg3 Bd5 31. Kf4 e6 32. Re2 Rc7 33. Rg1 Rd7 34.
g3 Rc7 35. Rh2 Rf7 36. Ke3 Ke7 37. Rf1 Rf8 38. Rhf2 Rf7 39. Kf4 Kf6 40. g4 Rh7
41. Rh2 Rh8 42. Rg1 Rh7 43. gxh5 Rxh5 44. Rg5 Rh7 45. h5 Rxh5 46. Rhxh5 gxh5
47. Rxh5 Kg7 48. Rh3 b5 49. Ke5 b4 50. f4 b3 51. axb3 cxb3 52. Rg3+ Kf7 53. Rg1
a4 54. Ra1 Bc6 55. Kd6 Bb5 56. Kc5 Be8 57. c4 Kf6 58. Kd6 1-0

[Event "Lichtenrader Herbst"]
[Site "Berlin"]
[Date "2018.11.02"]
[Round "7.28"]
[White "Barisch, Florian"]
[Black "Fartmann, Oliver"]
[Result "1/2-1/2"]
[WhiteElo "1872"]
[BlackElo "2014"]
[PlyCount "90"]
[EventDate "2018.??.??"]
[BlackTeam "SV Mattnetz Berlin e.V."]

1. d4 Nf6 2. Bf4 g6 3. e3 Bg7 4. Nf3 O-O 5. Nbd2 d6 6. Bc4 b6 7. h3 Bb7 8. O-O
Nbd7 9. c3 c5 10. Re1 Rc8 11. a4 h6 12. Bh2 Ne4 13. Nxe4 Bxe4 14. Bd3 f5 15.
Bc4+ Kh7 16. Bb5 Nf6 17. Bd3 Bxd3 18. Qxd3 c4 19. Qc2 Ne4 20. Rad1 Qc7 21. Rf1
Bf6 22. Rfe1 Qc6 23. Rf1 Rcd8 24. Rfe1 Kg7 25. Rf1 Qd5 26. Qe2 Qc6 27. Qc2 Rd7
28. Rfe1 h5 29. Nd2 Bh4 30. Nxe4 Qxe4 31. Qxe4 fxe4 32. Bg3 Bxg3 33. fxg3 e6
34. Rf1 Rdf7 35. Rf4 Rxf4 36. gxf4 Rf5 37. d5 Rxd5 38. Rxd5 exd5 39. g4 hxg4
40. hxg4 a6 41. Kf2 b5 42. axb5 axb5 43. Ke2 d4 44. cxd4 b4 45. Kd2 d5 1/2-1/2

[Event "Lichtenrader Herbst"]
[Site "Berlin"]
[Date "2018.11.02"]
[Round "7.29"]
[White "Tham, Minh"]
[Black "Albrecht, Rainer"]
[Result "1/2-1/2"]
[WhiteElo "1931"]
[BlackElo "2093"]
[PlyCount "38"]
[EventDate "2018.??.??"]
[WhiteTeam "SC Weisse Dame e.V."]
[BlackTeam "SC Kreuzberg e.V."]

1. d4 Nf6 2. c4 d6 3. Nc3 Nbd7 4. Nf3 c6 5. e4 e5 6. Be2 Be7 7. O-O O-O 8. Re1
a6 9. Bf1 Re8 10. Rb1 Qc7 11. Qc2 b5 12. b4 Bf8 13. Qb3 bxc4 14. Bxc4 Nb6 15.
Bd3 h6 16. dxe5 dxe5 17. Be3 Be6 18. Qc2 Nbd7 19. Na4 Rec8 1/2-1/2

[Event "Lichtenrader Herbst"]
[Site "Berlin"]
[Date "2018.11.02"]
[Round "7.30"]
[White "Hecht, Jonas Christian"]
[Black "Dathe, Frederick"]
[Result "0-1"]
[WhiteElo "1712"]
[BlackElo "2062"]
[PlyCount "46"]
[EventDate "2018.??.??"]
[WhiteTeam "SC Kreuzberg e.V."]
[BlackTeam "SC Kreuzberg e.V."]

1. e4 d5 2. exd5 Qxd5 3. Nc3 Qd6 4. g3 Nf6 5. Bg2 g6 6. Nge2 Bg7 7. O-O O-O 8.
d3 c6 9. Re1 Nbd7 10. Bg5 h6 11. Bf4 e5 12. Be3 Re8 13. Qd2 Ng4 14. Ne4 Qe7 15.
h3 Nxe3 16. fxe3 f5 17. N4c3 Nf6 18. Kh2 Be6 19. e4 Nh5 20. Rf1 f4 21. gxf4
exf4 22. Nxf4 Be5 23. Nce2 g5 0-1

[Event "Lichtenrader Herbst"]
[Site "Berlin, Germany"]
[Date "2018.11.03"]
[Round "8.1"]
[White "Kurayan, Ruslan"]
[Black "Stern, Rene"]
[Result "1/2-1/2"]
[WhiteElo "2385"]
[BlackElo "2527"]
[PlyCount "57"]
[EventDate "2018.??.??"]

1. e4 e5 2. Nf3 Nc6 3. d4 exd4 4. Nxd4 Nf6 5. Nxc6 bxc6 6. e5 Qe7 7. Qe2 Nd5 8.
c4 Ba6 9. b3 g6 10. g3 Bg7 11. Bb2 O-O 12. Bg2 Rae8 13. O-O Bxe5 14. Qxe5 Qxe5
15. Bxe5 Rxe5 16. cxd5 Bxf1 17. Kxf1 cxd5 18. Nc3 c6 19. Rd1 Rfe8 20. Bf3 Kf8
21. Na4 Ke7 22. Nb2 Kd8 23. Rd4 Re1+ 24. Kg2 Kc7 25. Nd3 Rb1 26. Ra4 Kb6 27.
Rb4+ Kc7 28. Ra4 Kb6 29. Rb4+ 1/2-1/2

[Event "Lichtenrader Herbst"]
[Site "Berlin, Germany"]
[Date "2018.11.03"]
[Round "8.2"]
[White "Bruedigam, Martin"]
[Black "Rakotomaharo, Fy Antenaina"]
[Result "1/2-1/2"]
[WhiteElo "2392"]
[BlackElo "2422"]
[PlyCount "51"]
[EventDate "2018.??.??"]

1. e4 e5 2. Nf3 Nc6 3. Bc4 Nf6 4. d3 Be7 5. O-O O-O 6. Re1 d6 7. a4 Kh8 8. h3
Nd7 9. Nc3 Nb6 10. Bb3 Na5 11. Ba2 c5 12. Nd5 Nxd5 13. Bxd5 f5 14. c3 Nc6 15.
Bd2 Qe8 16. b4 fxe4 17. dxe4 Qg6 18. Kh2 cxb4 19. cxb4 Nd4 20. Ra3 Ne6 21. Rc3
Rb8 22. Be3 Bd7 23. a5 a6 24. Qe2 Bb5 25. Qa2 Bd7 26. Qe2 1/2-1/2

[Event "Lichtenrader Herbst"]
[Site "Berlin, Germany"]
[Date "2018.11.03"]
[Round "8.3"]
[White "Glantz, Robert"]
[Black "Starostits, Ilmars"]
[Result "1-0"]
[WhiteElo "2285"]
[BlackElo "2454"]
[PlyCount "79"]
[EventDate "2018.??.??"]

1. e4 c6 2. d4 d5 3. e5 Bf5 4. h4 h6 5. g4 Bd7 6. Nc3 c5 7. dxc5 e6 8. Be3 Qc7
9. Nf3 Bxc5 10. Qd2 a6 11. h5 Ne7 12. O-O-O Bb4 13. Nd4 Nbc6 14. a3 Bxc3 15.
Qxc3 Qxe5 16. f4 Qc7 17. Bd3 O-O-O 18. Nxc6 Bxc6 19. Rhf1 f6 20. Qb4 Qd7 21.
Bc5 Rde8 22. Rfe1 d4 23. Bg6 Nxg6 24. Rxd4 Qxd4 25. Qxd4 e5 26. fxe5 Nxe5 27.
Kb1 Rd8 28. Qb4 Rhe8 29. b3 Re6 30. a4 Bf3 31. Re3 Rc6 32. a5 b5 33. axb6 Kb7
34. Bd4 a5 35. Qxa5 Ra8 36. Qb4 Bd1 37. c3 Bxg4 38. Bxe5 Bf5+ 39. Kb2 fxe5 40.
Rxe5 1-0

[Event "Lichtenrader Herbst"]
[Site "Berlin, Germany"]
[Date "2018.11.03"]
[Round "8.4"]
[White "Baum, Jonasz"]
[Black "Stets, Dmitry"]
[Result "1/2-1/2"]
[WhiteElo "2273"]
[BlackElo "2373"]
[PlyCount "81"]
[EventDate "2018.??.??"]

1. e4 c5 2. Nf3 d6 3. d4 cxd4 4. Nxd4 Nf6 5. Nc3 g6 6. Be2 Bg7 7. Nb3 O-O 8.
O-O Nc6 9. Re1 Be6 10. Bf1 Rc8 11. Bg5 Nd7 12. Rb1 Re8 13. Nd5 Nb6 14. c3 a6
15. f4 Na4 16. Nd4 Nxd4 17. Qxa4 Bxd5 18. exd5 Nf5 19. Bd3 Qb6+ 20. Kh1 Ne3 21.
Qe4 Ng4 22. Bh4 Bf6 23. Bg3 Nf2+ 24. Bxf2 Qxf2 25. Qe3 Qxe3 26. Rxe3 b5 27. Re4
Rb8 28. a4 Rec8 29. axb5 axb5 30. Rb4 Rc5 31. c4 Kf8 32. Be2 Ke8 33. Rxb5 Rbxb5
34. cxb5 Kd8 35. b6 Kc8 36. b4 Rc2 37. Bb5 Bd4 38. Ba6+ Kb8 39. b7 Ra2 40. Bb5
Kxb7 41. Be8 1/2-1/2

[Event "Lichtenrader Herbst"]
[Site "Berlin"]
[Date "2018.11.03"]
[Round "8.5"]
[White "Biriukov, Nikolai"]
[Black "Polatel, Ali"]
[Result "1/2-1/2"]
[WhiteElo "2363"]
[BlackElo "2214"]
[PlyCount "123"]
[EventDate "2018.??.??"]
[WhiteTeam "Bahn-SC Wuppertal"]
[BlackTeam "SC Zugzwang 95 e.V."]

1. d4 d5 2. c4 c6 3. Nc3 Nf6 4. e3 a6 5. Nf3 b5 6. b3 Bg4 7. Be2 e6 8. O-O Nbd7
9. h3 Bh5 10. Bb2 Bd6 11. Nd2 Bg6 12. c5 Bc7 13. b4 e5 14. a4 exd4 15. exd4 O-O
16. axb5 axb5 17. Qb3 Re8 18. Rxa8 Qxa8 19. Ra1 Qc8 20. Qa2 Nf8 21. Qa6 Ne6 22.
Qxc8 Rxc8 23. Nf3 Nf4 24. Bf1 Nd7 25. Ra6 Bb8 26. Ne2 Nd3 27. Bc3 Nf6 28. Ne1
Nxe1 29. Bxe1 Bf5 30. f3 Bd7 31. Bg3 Kf8 32. Kf2 Ke7 33. Bxb8 Rxb8 34. Nc1 Ne8
35. Bd3 h6 36. Ke3 Nc7 37. Ra7 Kd8 38. Kf4 Ra8 39. Rxa8+ Nxa8 40. Bf5 Nc7 41.
Bxd7 Kxd7 42. h4 Ne6+ 43. Ke3 g5 44. Nd3 f6 45. hxg5 hxg5 46. f4 gxf4+ 47. Nxf4
Ng7 48. g4 Ke7 49. Kf3 Ne8 50. Ke2 Nc7 51. Ke3 Na6 52. Nd3 Kd7 53. Kf4 Ke6 54.
g5 fxg5+ 55. Kxg5 Kd7 56. Kf6 Kd8 57. Ke6 Kc7 58. Ke7 Nb8 59. Nf4 Na6 60. Nd3
Nb8 61. Ke6 Na6 62. Ke7 1/2-1/2

[Event "Lichtenrader Herbst"]
[Site "Berlin"]
[Date "2018.11.03"]
[Round "8.6"]
[White "Roehr, Tobias"]
[Black "Shishkin, Vadim"]
[Result "0-1"]
[WhiteElo "2190"]
[BlackElo "2453"]
[PlyCount "88"]
[EventDate "2018.??.??"]
[WhiteTeam "SG Aufbau Elbe Magdeburg"]

1. d4 Nf6 2. c4 b6 3. Nf3 e6 4. g3 Ba6 5. Qc2 Be7 6. Bg2 O-O 7. O-O d5 8. cxd5
exd5 9. Rd1 Bb7 10. Ne5 c6 11. Nc3 Nfd7 12. Ng4 Na6 13. e4 Nb4 14. Qb3 dxe4 15.
Bxe4 h5 16. Ne5 Nf6 17. Bb1 Nbd5 18. Qc2 Re8 19. Bh6 Nxc3 20. bxc3 Qd5 21. c4
Qe6 22. Bg5 c5 23. Bxf6 Bxf6 24. Qh7+ Kf8 25. Re1 Bxe5 26. dxe5 Qh6 27. Qf5
Rad8 28. Be4 Bxe4 29. Rxe4 g6 30. Qf3 Re6 31. Rae1 Qg5 32. h4 Qe7 33. Kg2 Kg7
34. g4 Qxh4 35. gxh5 Qxh5 36. Qg3 Rd4 37. Rh1 Qxh1+ 38. Kxh1 Rxe4 39. f4 Re8
40. Kg2 Rd8 41. f5 Rd2+ 42. Kh3 Rde2 43. Qg5 R4e3+ 44. Kh4 Rh2+ 0-1

[Event "Lichtenrader Herbst"]
[Site "Berlin"]
[Date "2018.11.03"]
[Round "8.7"]
[White "Tomov, Georgi"]
[Black "Schnabel, Bennett"]
[Result "0-1"]
[WhiteElo "2330"]
[BlackElo "2146"]
[PlyCount "84"]
[EventDate "2018.??.??"]
[BlackTeam "SV Mattnetz Berlin e.V."]

1. Nf3 f5 2. d3 d6 3. e4 e5 4. Nc3 Nf6 5. exf5 Bxf5 6. d4 e4 7. Nh4 Bd7 8. Bg5
Be7 9. Bc4 Ng4 10. Bxe7 Qxe7 11. g3 e3 12. f4 Nc6 13. O-O O-O-O 14. Nd5 Qe4 15.
c3 Na5 16. Qd3 Qe8 17. Rfe1 Nf2 18. Qxe3 Nh3+ 19. Kf1 Nxc4 20. Qd3 Nxb2 21. Qc2
Bb5+ 22. Kg2 Qc6 23. Kxh3 Qxd5 24. Qxb2 Bd7+ 25. f5 g5 26. c4 Qf7 27. Rab1 b6
28. Qg2 Kb8 29. Qd5 Qxd5 30. cxd5 gxh4 31. Kxh4 Bxf5 32. Rb2 Rhg8 33. h3 Rde8
34. Rbe2 Rxe2 35. Rxe2 Bg6 36. g4 Re8 37. Re6 Kc8 38. Kg5 Rxe6 39. dxe6 c5 40.
h4 c4 41. h5 Kd8 42. Kf4 d5 0-1

[Event "Lichtenrader Herbst"]
[Site "Berlin"]
[Date "2018.11.03"]
[Round "8.8"]
[White "Lopez Gomez, Jose Pablo"]
[Black "Florstedt, Johannes"]
[Result "1-0"]
[WhiteElo "2066"]
[BlackElo "2310"]
[PlyCount "143"]
[EventDate "2018.??.??"]
[WhiteTeam "Potsdamer SV Mitte"]
[BlackTeam "SF Berlin 1903 e.V."]

1. e4 c5 2. Nf3 d6 3. d4 cxd4 4. Nxd4 Nf6 5. Nc3 a6 6. Bg5 Nbd7 7. Qd2 e6 8.
O-O-O h6 9. Bxf6 Nxf6 10. f3 b5 11. g4 Bb7 12. h4 Be7 13. Bh3 b4 14. Nce2 d5
15. g5 hxg5 16. hxg5 Nxe4 17. fxe4 Bxg5 18. Nf4 Qc7 19. Nde2 Rh4 20. Rdf1 dxe4
21. Qxb4 Bxf4+ 22. Nxf4 Rxf4 23. Bxe6 Rxf1+ 24. Rxf1 fxe6 25. Qf8+ Kd7 26. Rf7+
Kc6 27. Rxc7+ Kxc7 28. Qxg7+ Kb6 29. Qd4+ Kc7 30. Qe5+ Kd7 31. Qg7+ Kc6 32. Qe7
Kb6 33. Qxe6+ Bc6 34. Qb3+ Kc7 35. Qg3+ Kb7 36. Qg7+ Kb6 37. Qd4+ Kc7 38. a4 a5
39. b3 Kb7 40. Qc5 Kc7 41. c4 Kb7 42. Qe7+ Kc8 43. Kb2 Bb7 44. Qc5+ Kb8 45.
Qd6+ Kc8 46. Qe6+ Kb8 47. Kc3 Ra6 48. Qe5+ Ka7 49. Qd4+ Kb8 50. c5 Ka8 51. Kc4
Bc6 52. Qd8+ Ka7 53. Qc7+ Ka8 54. Kc3 Bb7 55. Kd4 Bc6 56. Kc4 e3 57. Qd8+ Kb7
58. Qe7+ Kc8 59. Qe6+ Kc7 60. Qxe3 Bd7 61. Qe5+ Kc8 62. Qc3 Kc7 63. Kd5 Be6+
64. Kd4 Bd7 65. Qg3+ Kc8 66. Qd3 Kb7 67. Qc4 Rf6 68. Qd5+ Bc6 69. Qd8 Rf4+ 70.
Kc3 Rf3+ 71. Kb2 Rf2+ 72. Ka3 1-0

[Event "Lichtenrader Herbst"]
[Site "Berlin"]
[Date "2018.11.03"]
[Round "8.9"]
[White "Schmuecker, Marcus"]
[Black "Rettore, Ludwig"]
[Result "0-1"]
[WhiteElo "2271"]
[BlackElo "2076"]
[PlyCount "62"]
[EventDate "2018.??.??"]
[WhiteTeam "SV Hemer 1932"]
[BlackTeam "Il Castalletto"]

1. d4 f5 2. Bg5 c5 3. dxc5 Na6 4. e4 fxe4 5. Nc3 Nxc5 6. Bc4 Qa5 7. Bd2 Nf6 8.
Nxe4 Qc7 9. Nxf6+ exf6 10. Nf3 Ne6 11. Qe2 Bc5 12. O-O O-O 13. Qe4 Kh8 14. Rae1
b5 15. Bd3 f5 16. Qh4 Bb7 17. Ne5 Rf6 18. Qh3 Raf8 19. Bxb5 d6 20. Nf3 Rg6 21.
Kh1 Nd4 22. Nh4 Rg4 23. Bd3 Qd8 24. Nf3 Nxf3 25. gxf3 Qh4 26. Qg3 Rxg3 27. fxg3
Qh5 28. Kg2 h6 29. Re7 Rf7 30. Re8+ Kh7 31. g4 Qxg4+ 0-1

[Event "Lichtenrader Herbst"]
[Site "Berlin"]
[Date "2018.11.03"]
[Round "8.10"]
[White "Bekasovs, Rihards"]
[Black "Feikes, Joerg"]
[Result "1-0"]
[WhiteElo "2182"]
[BlackElo "1996"]
[PlyCount "111"]
[EventDate "2018.??.??"]
[WhiteTeam "Riga Chess School"]
[BlackTeam "BA Tempelhof (FV Schach)"]

1. Nf3 d5 2. c4 c6 3. e3 Nf6 4. Nc3 e6 5. b3 Bd6 6. d4 O-O 7. Bd3 Nbd7 8. Bb2
Re8 9. Qc2 e5 10. cxd5 cxd5 11. dxe5 Nxe5 12. Nd4 Nxd3+ 13. Qxd3 a6 14. h3 Be6
15. O-O Qd7 16. Nxe6 Qxe6 17. Ne2 Rad8 18. Rac1 Bb8 19. Bxf6 Qxf6 20. Nd4 Re4
21. Nf3 g5 22. Rc5 Qd6 23. Rfc1 g4 24. hxg4 Rxg4 25. Rc8 Re4 26. Rxd8+ Qxd8 27.
Rc5 Re6 28. Rxd5 Rd6 29. Rxd6 Qxd6 30. Qc2 Qd8 31. g3 h6 32. Qe4 Qc8 33. Kg2
Bd6 34. Nd4 Bf8 35. Nf5 Qc6 36. Qxc6 bxc6 37. Nd4 c5 38. Nc2 f6 39. Kf3 Kf7 40.
Ke4 Ke6 41. g4 Bd6 42. Na3 h5 43. gxh5 f5+ 44. Kf3 Kf6 45. Nc4 Bc7 46. e4 Kg5
47. h6 fxe4+ 48. Kxe4 Kxh6 49. f4 Bd8 50. Ne3 Kg6 51. Nd5 Ba5 52. Ke5 Be1 53.
Ke6 Bh4 54. f5+ Kg7 55. f6+ Kf8 56. Nf4 1-0

[Event "Lichtenrader Herbst"]
[Site "Berlin"]
[Date "2018.11.03"]
[Round "8.11"]
[White "Brustkern, Juergen"]
[Black "Boettcher, Patrick"]
[Result "1/2-1/2"]
[WhiteElo "2203"]
[BlackElo "2034"]
[PlyCount "43"]
[EventDate "2018.??.??"]
[WhiteTeam "SK Zehlendorf e.V."]
[BlackTeam "SC Zitadelle Spandau 1977 e.V."]

1. e4 e5 2. Nc3 Nf6 3. f4 d5 4. fxe5 Nxe4 5. Nf3 Be7 6. Qe2 Nxc3 7. dxc3 O-O 8.
Bf4 c5 9. O-O-O Nc6 10. Qf2 Qa5 11. a3 Be6 12. Bd3 c4 13. Be2 f6 14. Qg3 fxe5
15. Bxe5 Bf6 16. Bxf6 Rxf6 17. Nd4 Bf7 18. Bf3 Re8 19. Rhe1 Rxe1 20. Rxe1 Qb6
21. Kb1 h6 22. Nxc6 1/2-1/2

[Event "Lichtenrader Herbst"]
[Site "Berlin"]
[Date "2018.11.03"]
[Round "8.12"]
[White "Tscheuschner, Georg"]
[Black "Juhnke, Juergen"]
[Result "1/2-1/2"]
[WhiteElo "2052"]
[BlackElo "2228"]
[PlyCount "125"]
[EventDate "2018.??.??"]
[WhiteTeam "SV Mattnetz Berlin e.V."]
[BlackTeam "HSK Lister Turm"]

1. c4 Nf6 2. Nc3 g6 3. g3 Bg7 4. Bg2 O-O 5. Nf3 d6 6. O-O Nc6 7. d3 e5 8. Rb1
a5 9. a3 Re8 10. b4 axb4 11. axb4 e4 12. Nxe4 Nxe4 13. dxe4 Rxe4 14. b5 Nd4 15.
Nxd4 Rxd4 16. Qb3 Be6 17. Bxb7 Bxc4 18. Qc2 Ra2 19. Rb2 Ra1 20. Be3 Rxf1+ 21.
Kxf1 Be6 22. Bxd4 Bxd4 23. Rb4 Qf6 24. Bf3 Bh3+ 25. Kg1 g5 26. Qe4 Bc5 27. Rb1
Bf5 28. Qa8+ Kg7 29. Rd1 Bd7 30. Qa1 Bxb5 31. e3 Bb6 32. h4 Qxa1 33. Rxa1 h6
34. Ra8 Bc4 35. Bc6 Be6 36. Kg2 g4 37. Ra4 Kf6 38. Rf4+ Kg7 39. Be4 h5 40. Bf5
Bb3 41. Rb4 Bd5+ 42. Be4 Bc5 43. Ra4 Bb3 44. Ra8 d5 45. Ra5 Bb6 46. Ra3 Bc4 47.
Bb1 d4 48. exd4 Bd5+ 49. Kf1 Bxd4 50. Ba2 Be4 51. Bc4 Bb6 52. Rb3 Bc6 53. Rd3
Bc5 54. Rd8 Be7 55. Rd4 f5 56. Bd3 Kf6 57. Rc4 Bb5 58. Rc3 Bxd3+ 59. Rxd3 f4
60. Rd5 Kg6 61. Kg2 f3+ 62. Kf1 Bb4 63. Rg5+ 1/2-1/2

[Event "Lichtenrader Herbst"]
[Site "Berlin"]
[Date "2018.11.03"]
[Round "8.13"]
[White "Spors, Carl Philip"]
[Black "Maetzkow, Maximilian Paul"]
[Result "0-1"]
[WhiteElo "1868"]
[BlackElo "2193"]
[PlyCount "94"]
[EventDate "2018.??.??"]
[WhiteTeam "SG Lasker Stegli"]
[BlackTeam "ESV 1949 Eberswalde e.V."]

1. e4 c5 2. Nf3 d6 3. d4 cxd4 4. Nxd4 Nf6 5. Nc3 g6 6. Be3 Bg7 7. f3 a6 8. Qd2
h5 9. Bc4 Nbd7 10. Bb3 b5 11. a4 bxa4 12. Bxa4 Bb7 13. Nc6 Qc8 14. Na5 O-O 15.
Nxb7 Qxb7 16. O-O Rac8 17. Nd5 Nc5 18. c3 Nxd5 19. exd5 Nxa4 20. Rxa4 Rb8 21.
Bg5 Rfc8 22. Re1 Qxb2 23. Rxe7 Qb1+ 24. Re1 Bxc3 25. Rxb1 Rxb1+ 26. Qc1 Rxc1+
27. Bxc1 Bd4+ 28. Rxd4 Rxc1+ 29. Kf2 a5 30. Rd2 Kg7 31. Ke3 Rc5 32. Ke4 a4 33.
Ra2 Ra5 34. h4 a3 35. Kd4 Ra4+ 36. Ke3 Kf6 37. f4 Kf5 38. g3 Kg4 39. Kf2 f6 40.
Kg2 g5 41. hxg5 fxg5 42. fxg5 Kxg5 43. Kf3 Kf5 44. Ke3 Ke5 45. Kd3 Kxd5 46. Kc3
Ke4 47. Kb3 Ra6 0-1

[Event "Lichtenrader Herbst"]
[Site "Berlin"]
[Date "2018.11.03"]
[Round "8.14"]
[White "Feil, Stephan"]
[Black "Haugli, Petter"]
[Result "1-0"]
[WhiteElo "2082"]
[BlackElo "2238"]
[PlyCount "75"]
[EventDate "2018.??.??"]
[WhiteTeam "SK 1962 Ladenburg"]
[BlackTeam "Moss Schakklub"]

1. e4 c5 2. Nf3 e6 3. d3 Nc6 4. g3 Nf6 5. Bg2 Be7 6. O-O d6 7. Re1 O-O 8. c3 b5
9. d4 Bb7 10. d5 exd5 11. exd5 Na5 12. Nh4 Qd7 13. Qd3 Rae8 14. Bd2 Nc4 15. Na3
Nxa3 16. bxa3 Bd8 17. c4 bxc4 18. Qxc4 Rxe1+ 19. Rxe1 Re8 20. Rb1 Bc8 21. h3
Qc7 22. g4 Nd7 23. Nf5 Bf6 24. Qa4 g6 25. Ba5 Qxa5 26. Qxa5 gxf5 27. Re1 Rxe1+
28. Qxe1 Nf8 29. Qe2 Be5 30. gxf5 Bxf5 31. Qa6 Ng6 32. Bf1 Nf4 33. Qxa7 Be4 34.
Bc4 Nxh3+ 35. Kf1 h5 36. Qe7 Nf4 37. a4 Ng6 38. Qd7 1-0

[Event "Lichtenrader Herbst"]
[Site "Berlin"]
[Date "2018.11.03"]
[Round "8.15"]
[White "Hesse, Henrik"]
[Black "Sulayev, Daniel"]
[Result "1/2-1/2"]
[WhiteElo "2272"]
[BlackElo "2007"]
[PlyCount "51"]
[EventDate "2018.??.??"]
[WhiteTeam "SV Mattnetz Berlin e.V."]
[BlackTeam "SV Empor Berlin e.V."]

1. c4 g6 2. g3 Bg7 3. Bg2 e5 4. Nc3 d6 5. d3 Nc6 6. e3 Be6 7. Nd5 h5 8. h4 Nh6
9. Nf3 Bg4 10. Qb3 Qc8 11. Ng5 O-O 12. c5 dxc5 13. Ne4 Kh8 14. Nxc5 Rb8 15. Bd2
b6 16. Ne4 Nd8 17. Rc1 c5 18. Qa4 Qd7 19. Qxd7 Bxd7 20. b4 Bc6 21. Ng5 f6 22.
Ne7 Bxg2 23. Nxg6+ Kg8 24. Ne7+ Kh8 25. Ng6+ Kg8 26. Ne7+ 1/2-1/2

[Event "Lichtenrader Herbst"]
[Site "Berlin"]
[Date "2018.11.03"]
[Round "8.16"]
[White "Stigar, Petter"]
[Black "Dathe, Frederick"]
[Result "1/2-1/2"]
[WhiteElo "2190"]
[BlackElo "2062"]
[PlyCount "50"]
[EventDate "2018.??.??"]
[WhiteTeam "SK 96"]
[BlackTeam "SC Kreuzberg e.V."]

1. Nf3 c5 2. c4 Nc6 3. Nc3 g6 4. e3 Nf6 5. d4 cxd4 6. exd4 d5 7. cxd5 Nxd5 8.
Bc4 Nb6 9. Bb3 Bg7 10. d5 Na5 11. O-O Nxb3 12. axb3 O-O 13. Bg5 h6 14. Be3 Bg4
15. Re1 Re8 16. h3 Bxf3 17. Qxf3 Bxc3 18. bxc3 Qxd5 19. Bxb6 Qxf3 20. gxf3 axb6
21. Rxa8 Rxa8 22. Rxe7 Ra3 23. Rxb7 Rxb3 24. Kg2 Rxc3 25. Rxb6 Kg7 1/2-1/2

[Event "Lichtenrader Herbst"]
[Site "Berlin"]
[Date "2018.11.03"]
[Round "8.17"]
[White "Schnabel, Ralf"]
[Black "Gebigke, Martin"]
[Result "0-1"]
[WhiteElo "2202"]
[BlackElo "2057"]
[PlyCount "54"]
[EventDate "2018.??.??"]
[WhiteTeam "ESV Nickelhütte Aue"]
[BlackTeam "SC Kreuzberg e.V."]

1. e4 c5 2. Nf3 d6 3. d4 cxd4 4. Nxd4 Nf6 5. Nc3 a6 6. a4 Nc6 7. Be2 e6 8. Be3
Be7 9. O-O O-O 10. f4 e5 11. Nf5 Bxf5 12. exf5 Rc8 13. Kh1 Re8 14. Qd2 d5 15.
fxe5 d4 16. exf6 dxc3 17. fxe7 Qxe7 18. Qxc3 Nb4 19. Bc4 Nd5 20. Qd3 Nxe3 21.
Rfe1 Qg5 22. Bd5 Rcd8 23. c4 Qf4 24. g3 Qf2 25. Re2 Ng4 26. Rae1 Qxe1+ 27. Rxe1
Nf2+ 0-1

[Event "Lichtenrader Herbst"]
[Site "Berlin"]
[Date "2018.11.03"]
[Round "8.18"]
[White "Krefenstein, Sergej"]
[Black "Niehaus, Frank"]
[Result "1-0"]
[WhiteElo "2116"]
[BlackElo "2195"]
[PlyCount "107"]
[EventDate "2018.??.??"]
[WhiteTeam "TuS Makkabi Berlin e.V."]
[BlackTeam "SK König Tegel 1949 e.V."]

1. d4 d5 2. Bf4 e6 3. e3 f5 4. Bd3 Nf6 5. Nf3 Be7 6. O-O O-O 7. h3 c6 8. c4 Ne4
9. Ne5 Nd7 10. Nd2 Ndf6 11. Ndf3 Qe8 12. Bh2 Kh8 13. c5 Rg8 14. Ne1 b6 15. b4
a5 16. cxb6 axb4 17. Qc2 Bb7 18. Be2 Rf8 19. N1d3 Ra3 20. Rfc1 Qa8 21. Qb2 Nc3
22. Nf4 Qa5 23. Nxe6 Rc8 24. Nf7+ Kg8 25. Nd6 Bxd6 26. Bxd6 Qxb6 27. Rxc3 Rxc3
28. Bxb4 Rc4 29. Bxc4 dxc4 30. Nc5 Rb8 31. a3 Ba6 32. Qc2 g6 33. Nxa6 Qxa6 34.
Rc1 Nd5 35. Qxc4 Qxc4 36. Rxc4 Rc8 37. Kf1 Kf7 38. Ke2 Ke6 39. Bd2 Kd7 40. Ra4
Rc7 41. Kd3 Rb7 42. Bb4 Kc7 43. f3 Kd7 44. g3 Nf6 45. Ra8 Ke6 46. Rc8 Kd7 47.
Rh8 Ke6 48. Rc8 Kd7 49. Rf8 Ke6 50. Rd8 Nd7 51. Rc8 Rb6 52. Rc7 Ra6 53. e4
fxe4+ 54. fxe4 1-0

[Event "Lichtenrader Herbst"]
[Site "Berlin"]
[Date "2018.11.03"]
[Round "8.19"]
[White "Bolk, Matthias"]
[Black "Kornitzky, Tino"]
[Result "1/2-1/2"]
[WhiteElo "2080"]
[BlackElo "2189"]
[PlyCount "88"]
[EventDate "2018.??.??"]
[WhiteTeam "SC Kreuzberg e.V."]
[BlackTeam "FC Bayern München e.V."]

1. e4 e5 2. Nc3 Nf6 3. Bc4 c6 4. d3 d5 5. exd5 cxd5 6. Bb5+ Bd7 7. Bxd7+ Nbxd7
8. Nf3 Bd6 9. O-O O-O 10. Nb5 Bb8 11. c4 a6 12. Na3 e4 13. Ne1 Qc7 14. g3 dxc4
15. Bf4 Qc6 16. Bxb8 Raxb8 17. Nxc4 b5 18. Ne3 Ne5 19. Rc1 Qb7 20. d4 Rfd8 21.
Rc5 Nd3 22. Nxd3 Rxd4 23. Rc3 Qd7 24. Nc5 Rxd1 25. Nxd7 Rxd7 26. Rc6 a5 27.
Rfc1 h6 28. Rc8+ Rxc8 29. Rxc8+ Kh7 30. Rc5 Rb7 31. b3 a4 32. b4 Kg6 33. Kf1
Nd7 34. Rc6+ f6 35. Nd5 Ne5 36. Rc7 Rb8 37. Nf4+ Kf5 38. Rxg7 Rc8 39. Ne2 Nf3
40. Rb7 Rc2 41. Rxb5+ Kg4 42. Kg2 Ne1+ 43. Kf1 Nf3 44. Kg2 Ne1+ 1/2-1/2

[Event "Lichtenrader Herbst"]
[Site "Berlin"]
[Date "2018.11.03"]
[Round "8.20"]
[White "Jesse, Timo"]
[Black "Lachmann, Utz"]
[Result "1-0"]
[WhiteElo "2064"]
[BlackElo "2191"]
[PlyCount "69"]
[EventDate "2018.??.??"]
[WhiteTeam "ESV 1949 Eberswalde e.V."]
[BlackTeam "SF Berlin 1903 e.V."]

1. e4 c6 2. d4 d5 3. Nc3 dxe4 4. Nxe4 Nf6 5. Nxf6+ gxf6 6. Bc4 Bf5 7. Ne2 Nd7
8. Ng3 Bg6 9. f4 e6 10. f5 Bxf5 11. Nxf5 Qa5+ 12. Bd2 Qxf5 13. Bd3 Qd5 14. Qe2
Qxd4 15. O-O-O O-O-O 16. Kb1 Bc5 17. Rhf1 Qd6 18. Bf4 Qe7 19. Be4 Nb6 20. Rde1
Nd5 21. Bg3 f5 22. Rxf5 Bd6 23. Bxd6 Rxd6 24. Qf2 Rd7 25. Bxd5 cxd5 26. Qxa7
Qb4 27. Rff1 Rhd8 28. Re3 Qb5 29. Rc3+ Rc7 30. Rxc7+ Kxc7 31. Rxf7+ Kc6 32. a4
Qb4 33. c3 Qe4+ 34. Ka1 Rb8 35. Qa5 1-0